Struktura i svojstva ogneuporov /

Guardado en:
Detalles Bibliográficos
Autor principal: Strelov, K.K (Autor)
Formato: Libro
Lenguaje:ruso
Publicado: Moskva : Metallurgija, 1982
Materias:
Etiquetas: Agregar Etiqueta
Sin Etiquetas, Sea el primero en etiquetar este registro!

MARC

LEADER 00000nam a22000003a 4500
001 stu42603
005 20150617225720.3
008 940511s1982----xxr-----------------rus-d
040 |a STU  |b slo 
041 0 |a rus 
044 |a xxr 
080 |a 620.193.6 
080 |a 669.018.4 
100 1 |a Strelov, K.K  |4 aut 
245 1 |a Struktura i svojstva ogneuporov /  |c [aut.]K.K. Strelov 
260 |a Moskva :  |b Metallurgija,  |c 1982 
300 |a 207 s 
650 7 |a Materiály žiaruvzdorné  |2 stusub 
996 |b 284M062426  |c M*6821-1  |l MMKN  |s A  |a 24  |w stu42603_0001